000 00845nam a22001817a 4500
999 _c371616
_d371616
008 201127b ||||| |||| 00| 0 eng d
040 _aDE-2950
_bger
_cDE-2950
_erda
041 _ager
245 _aHeimat von Tellern und Tortenplatten.
_bStadtgeschichte: Die Steingutfabrik Paetsch in der Lebuser Vorstadt schrieb jahrzehntelang Industriegeschichte, vertrieb ihre Produkte weltweit. Auf den Überresten einer der bedeutendsten Fabriken im alten Industrieviertel sollen neue Wohnungen entstehen /
_cLisa Mahlke
264 _c2022
653 _aFrankfurt (Oder)
653 _aSteingutfabrik Paetsch
773 _dFrankfurt (Oder) Märkisches Verlags- und Druckhaus GmbH & Co KG
_tMärkische Oderzeitung
_g33. Jahrgang (2022) Nr. 111 vom 13.05.2022, S. 16
942 _cA